| 000 | 00602 a2200157 4500 | ||
|---|---|---|---|
| 020 | _a97896993390208 | ||
| 082 | _a297.122 | ||
| 090 |
_c7428 _d7428 |
||
| 100 | _aMunir, Wasti Syed | ||
| 245 |
_aThe Quran: the book free of doubt _bexploratory essays into Ijaz al-Quran and othe topics _cMunir, Wasti Syed |
||
| 260 |
_aGujrat (Pakistan) _bUniversity of Gujrat Press _c2009 |
||
| 300 |
_a271 p. ; _bill. ; _c24 cm. |
||
| 500 | _aIncludes bibliographical references and index. | ||
| 650 | _a1. Koran--Evidences, authority etc. 2. Koran--Language, style. 3. Koran--Appreciation. | ||
| 942 |
_cBK _k297.122 MUN |
||
| 999 |
_c11231 _d11231 |
||